Albert Einstein : (Record no. 336700)
[ view plain ]
| 000 -LEADER | |
|---|---|
| fixed length control field | 00477nam a2200193Ia 4500 |
| 008 - FIXED-LENGTH DATA ELEMENTS--GENERAL INFORMATION | |
| fixed length control field | 170705s9999 xx 000 0 und d |
| 020 ## - INTERNATIONAL STANDARD BOOK NUMBER | |
| International Standard Book Number | 9780756612474 |
| 245 ## - TITLE STATEMENT | |
| Title | Albert Einstein : |
| 245 ## - TITLE STATEMENT | |
| Remainder of title | a photographic story of a life / |
| 245 ## - TITLE STATEMENT | |
| Statement of responsibility, etc | Frieda Wishinsky. |
| 260 ## - PUBLICATION, DISTRIBUTION, ETC. (IMPRINT) | |
| Place of publication, distribution, etc | New York : |
| 260 ## - PUBLICATION, DISTRIBUTION, ETC. (IMPRINT) | |
| Name of publisher, distributor, etc | DK Publishing, Inc., |
| 260 ## - PUBLICATION, DISTRIBUTION, ETC. (IMPRINT) | |
| Date of publication, distribution, etc | 2005 |
| 300 ## - PHYSICAL DESCRIPTION | |
| Extent | 128 pages : |
| 300 ## - PHYSICAL DESCRIPTION | |
| Other physical details | color illustration ; |
| 300 ## - PHYSICAL DESCRIPTION | |
| Dimensions | 20cm. |
| 440 ## - SERIES STATEMENT/ADDED ENTRY--TITLE | |
| Title | Biography. |
| 500 ## - GENERAL NOTE | |
| General note | 1040 |
No items available.